000 00350nam a2200133 i 4500
001 bg
100 1 _aWIŚNIEWSKI, Janusz
245 0 _aEmpiryczne metody badań siarczanowej odporności cementów /
_cJanusz Wiśniewski.
260 _aWrocław,
_c1976.
040 _cBPK
041 _apol
942 _cKS
008 s pl f |000 0 pol
999 _c27484
_d27484
856 _uhttp://koha.tu.koszalin.pl/cgi-bin/koha/opac-detail.pl?biblionumber=27484
_yKatalog online BPK